000 00375nam a22001457a 4500
003 OSt
005 20220223095007.0
008 220223b |||||||| |||| 00| 0 eng d
020 _a0419158103
040 _cHU
082 _a691.8
100 _aTes
_931225
245 _aTesting Of Metals For Structures Proceedings Of The International Rilem Workshop
942 _2ddc
_cBOOKS
_n0
999 _c31287
_d31287